Joueurs LNH par image - Statistiques

Statistiques générales
  • Ce quiz a été pris 193 fois
  • Le résultat moyen est 14 sur 16
Statistiques - réponses
Par images Réponse % Correct
McDavid
94%
Crosby
93%
Bedard
92%
Ovechkin
92%
Bergeron
89%
Marner
89%
Caufield
88%
Price
88%
Stamkos
88%
Gretzky
85%
Makar
85%
Hughes
83%
Mackinnon
83%
Panarin
82%
Kaprizov
74%
Seider
62%
Aucun quiz correspondant
Distribution des résultats
% des personnes avec chaque résultat
Percentile par nombre de réponses
Votre historique - résultats
Vous n’avez pas pris ce quiz